000 00581nam a2200217Ia 4500
005 20250508164002.0
008 008 250505s9999 xx 000 0 eng d
020 _a81-7063-165-3
037 _aTextBook
040 _aFEDL
_beng
_cFEDL
041 _aeng
_2eng
084 _a150, MAN
_qFEDL
100 _aMangal S. K.
245 0 _aIntroductory psychology (Class 11)
260 _aNew Delhi, India
_bArya Book Depot
_c2001
300 _a454p.
365 _aINR
_b125
700 _a Mangal Shubhra
_9776951
942 _cTB
_h150, MAN
999 _c1386427
_d1386427